[Event "Centrocoop op"]
[Site "Eforie Nord"]
[Date "1997.??.??"]
[Round "?"]
[White "Bunaciu, Diana"]
[Black "Gogalea, Eleonora"]
[Result "1-0"]
[WhiteElo "1640"]
[BlackElo "2045"]
[PlyCount "54"]
[EventDate "1997.??.??"]
[EventType "swiss"]
[EventRounds "11"]
[EventCountry "ROU"]
[SourceTitle "EXT 2010"]
[Source "ChessBase"]
[SourceDate "2010.11.25"]
[SourceVersion "1"]
[SourceVersionDate "2010.11.25"]
[SourceQuality "1"]

1. e4 c5 2. Nf3 e6 3. d4 cxd4 4. Nxd4 a6 5. Nc3 Qc7 6. Bd3 Nf6 7. 0-0 b5 8. a3 Bb7 9. Qe2 d6 10. f4 Nbd7 11. Bd2 Be7 12. Rae1 h5 13. e5 dxe5 14. fxe5 Ng4 15. Nf3 Bxf3 16. Qxf3 Ndxe5 17. Qxa8+ Kd7 18. Qxh8 Nf3+ 19. Rxf3 Qxh2+ 20. Kf1 Qh1+ 21. Ke2 Qxg2+ 22. Kd1 Qxf3+ 23. Kc1 Nf2 24. Qb8 Nxd3+ 25. cxd3 Qxd3 26. Qb7+ Kd8 27. Rd1 Bd6 1-0

[Event "Bucharest-B (Women)"]
[Site "Bucharest"]
[Date "1994.??.??"]
[Round "?"]
[White "Gogalea, Eleonora"]
[Black "Ignatescu, Ruxandra"]
[Result "0-1"]
[WhiteElo "2070"]
[BlackElo "2100"]
[PlyCount "90"]
[EventDate "1994.??.??"]
[EventType "tourn"]
[EventRounds "11"]
[EventCountry "ROU"]
[SourceTitle "EXT 1997"]
[Source "ChessBase"]
[SourceDate "1996.11.15"]
[SourceVersion "1"]
[SourceVersionDate "1996.11.15"]
[SourceQuality "1"]

1. d4 d5 2. c4 e6 3. cxd5 exd5 4. Nc3 Nf6 5. Bg5 Be7 6. e3 0-0 7. Qc2 Nbd7 8. Bd3 Re8 9. 0-0-0 Nf8 10. Nge2 c6 11. h3 b5 12. Bf4 a5 13. g4 b4 14. Na4 Ba6 15. Bxa6 Rxa6 16. Ng3 Ne6 17. Rhe1 c5 18. dxc5 Nxc5 19. Kb1 Qa8 20. Nf5 Re6 21. Nxe7+ R8xe7 22. Rc1 Re4 23. b3 Nfd7 24. Red1 Rxe3 25. Nxc5 Nxc5 26. Rxd5 Ne4 27. Rcd1 Nc3+ 28. Qxc3 Rxc3 29. Rd8+ Re8 30. Rxa8 Rxa8 31. Be5 Rc6 32. Rc1 Rxc1+ 33. Kxc1 Rc8+ 34. Kb2 f6 35. Bd4 Rc6 36. h4 Kf7 37. f3 Ke6 38. Ba7 f5 39. gxf5+ Kxf5 40. Bb8 Kg6 41. Be5 Kh6 42. a3 g6 43. axb4 axb4 44. Bf4+ Kh5 45. Bg5 Rc7 0-1

[Event "Bucharest-B (Women)"]
[Site "Bucharest"]
[Date "1994.??.??"]
[Round "?"]
[White "Ionescu, Irina"]
[Black "Gogalea, Eleonora"]
[Result "1-0"]
[WhiteElo "2185"]
[BlackElo "2070"]
[PlyCount "48"]
[EventDate "1994.??.??"]
[EventType "tourn"]
[EventRounds "11"]
[EventCountry "ROU"]
[SourceTitle "EXT 1997"]
[Source "ChessBase"]
[SourceDate "1996.11.15"]
[SourceVersion "1"]
[SourceVersionDate "1996.11.15"]
[SourceQuality "1"]

1. e4 c5 2. Nf3 e6 3. c4 Qc7 4. Nc3 a6 5. Be2 Nc6 6. d4 cxd4 7. Nxd4 Nf6 8. 0-0 Nxd4 9. Qxd4 Bd6 10. g3 h5 11. Bg5 h4 12. Bxh4 Rxh4 13. gxh4 Bxh2+ 14. Kg2 b6 15. Rh1 Be5 16. Qd3 Bb7 17. Bf3 0-0-0 18. Rac1 Kb8 19. b4 g5 20. hxg5 Rg8 21. Kf1 Rxg5 22. Rh8+ Ka7 23. Nb5+ axb5 24. Qa3+ Ba6 1-0

[Event "Bucharest-B (Women)"]
[Site "Bucharest"]
[Date "1994.??.??"]
[Round "?"]
[White "Ionescu, Viorica"]
[Black "Gogalea, Eleonora"]
[Result "1-0"]
[WhiteElo "2175"]
[BlackElo "2070"]
[PlyCount "81"]
[EventDate "1994.??.??"]
[EventType "tourn"]
[EventRounds "11"]
[EventCountry "ROU"]
[SourceTitle "EXT 1997"]
[Source "ChessBase"]
[SourceDate "1996.11.15"]
[SourceVersion "1"]
[SourceVersionDate "1996.11.15"]
[SourceQuality "1"]

1. d4 Nf6 2. c4 c6 3. Nc3 d6 4. e4 Nbd7 5. f3 e5 6. d5 Be7 7. Be3 0-0 8. Qd2 cxd5 9. cxd5 a6 10. Nge2 b5 11. Ng3 Nb6 12. b3 b4 13. Nd1 a5 14. a3 bxa3 15. Rxa3 Nbd7 16. Nf5 Re8 17. Bb5 Qc7 18. 0-0 Rb8 19. Rxa5 Rxb5 20. Rxb5 Ba6 21. Qa5 Qxa5 22. Rxa5 Bxf1 23. Nxe7+ Rxe7 24. Kxf1 Re8 25. Rb5 Rc8 26. b4 Kf8 27. Rb7 Ke8 28. Ke2 Kd8 29. Kd3 Ra8 30. Nc3 Kc8 31. Rb5 Ne8 32. Kc4 Nc7 33. Ra5 Rb8 34. Na4 f6 35. b5 h6 36. b6 Na8 37. Kb5 h5 38. Kc6 Kd8 39. Ra7 Nc5 40. Bxc5 dxc5 41. Kxc5 1-0

[Event "Bucharest TIT-2 (Women)"]
[Site "Bucharest"]
[Date "1993.??.??"]
[Round "7"]
[White "Dekusar, Maria"]
[Black "Gogalea, Eleonora"]
[Result "1/2-1/2"]
[WhiteElo "2100"]
[BlackElo "2055"]
[PlyCount "61"]
[EventDate "1993.??.??"]
[EventType "tourn"]
[EventRounds "11"]
[EventCountry "ROU"]
[SourceTitle "EXT 1998"]
[Source "ChessBase"]
[SourceDate "1997.11.17"]
[SourceVersion "1"]
[SourceVersionDate "1997.11.17"]
[SourceQuality "1"]

1. d4 Nf6 2. c4 e6 3. Nc3 Bb4 4. Qc2 d5 5. cxd5 Qxd5 6. Nf3 0-0 7. Bd2 Bxc3 8. Bxc3 Nc6 9. e3 b6 10. Bd3 Bb7 11. e4 Qh5 12. h3 a5 13. a3 Rfe8 14. 0-0 Rad8 15. Rfe1 Ne7 16. Rac1 Ng6 17. Bd2 c5 18. Bg5 e5 19. dxc5 bxc5 20. Bb5 Rf8 21. Qxc5 Rc8 22. Qb6 Rxc1 23. Bxc1 Bxe4 24. Be2 Nd5 25. Qxa5 Ngf4 26. Bxf4 Nxf4 27. Qxe5 Nxe2+ 28. Rxe2 Bxf3 29. gxf3 Qxf3 30. Re3 Qd1+ 31. Kg2 1/2-1/2

[Event "Bucharest TIT-2 (Women)"]
[Site "Bucharest"]
[Date "1993.??.??"]
[Round "5"]
[White "Petrenko, Svetlana"]
[Black "Gogalea, Eleonora"]
[Result "1/2-1/2"]
[WhiteElo "2075"]
[BlackElo "2055"]
[PlyCount "153"]
[EventDate "1993.??.??"]
[EventType "tourn"]
[EventRounds "11"]
[EventCountry "ROU"]
[SourceTitle "EXT 1998"]
[Source "ChessBase"]
[SourceDate "1997.11.17"]
[SourceVersion "1"]
[SourceVersionDate "1997.11.17"]
[SourceQuality "1"]

1. e4 c5 2. Nf3 e6 3. d4 cxd4 4. Nxd4 a6 5. c4 Nf6 6. Nc3 Bb4 7. Bd3 Qc7 8. 0-0 Nc6 9. Nc2 Bd6 10. f4 h5 11. Kh1 Ng4 12. Be2 Bc5 13. Bxg4 hxg4 14. Qxg4 Qd8 15. Be3 d6 16. Bxc5 dxc5 17. e5 Bd7 18. Ne4 Kf8 19. Nxc5 Qe7 20. Nxd7+ Qxd7 21. Rad1 Qe7 22. Rd6 Rh4 23. Qg3 g6 24. Rfd1 Rh5 25. Rd7 Qc5 26. Qa3 Qxa3 27. Nxa3 g5 28. fxg5 Nxe5 29. Rxb7 Kg7 30. Rf1 Rxg5 31. b4 Rd8 32. Nb1 Rf5 33. Rg1 Nxc4 34. Rc7 Ne3 35. Rcc1 Rh8 36. h3 Rh4 37. a3 a5 38. Rc3 Nd5 39. Rg3+ Kf6 40. bxa5 Ra4 41. Nc3 Nxc3 42. Rxc3 Raxa5 43. Re1 Rf2 44. Kg1 Ra2 45. Rf1+ Rf5 46. Rff3 Rxf3 47. Rxf3+ Kg6 48. Re3 Kh5 49. Kh2 f5 50. Kg3 Kg5 51. h4+ Kf6 52. Rb3 Rd2 53. Kf3 Rd4 54. g3 Ra4 55. Ke3 Kg6 56. Kd2 e5 57. Kc2 Kh5 58. Re3 Ra5 59. Kb3 f4 60. Rc3 Kg4 61. Kb4 Rd5 62. gxf4 exf4 63. Rc4 Kg3 64. a4 Rh5 65. a5 Rxh4 66. a6 Rh8 67. Rc7 Ra8 68. Rg7+ Kf2 69. a7 f3 70. Kc3 Rc8+ 71. Kd3 Rd8+ 72. Kc4 Rc8+ 73. Kd3 Rd8+ 74. Ke4 Ke2 75. Rb7 f2 76. Rb2+ Ke1 77. Rb1+ 1/2-1/2

[Event "Bucharest TIT-2 (Women)"]
[Site "Bucharest"]
[Date "1993.??.??"]
[Round "1"]
[White "Petrescu, Irina C"]
[Black "Gogalea, Eleonora"]
[Result "1/2-1/2"]
[WhiteElo "2115"]
[BlackElo "2055"]
[PlyCount "40"]
[EventDate "1993.??.??"]
[EventType "tourn"]
[EventRounds "11"]
[EventCountry "ROU"]
[SourceTitle "EXT 1998"]
[Source "ChessBase"]
[SourceDate "1997.11.17"]
[SourceVersion "1"]
[SourceVersionDate "1997.11.17"]
[SourceQuality "1"]

1. e4 c5 2. Nf3 e6 3. d4 cxd4 4. Nxd4 a6 5. Nc3 b5 6. a3 Bb7 7. Be2 Qc7 8. 0-0 Nf6 9. Bf3 d6 10. Re1 Nbd7 11. Be3 Be7 12. Qd2 Ne5 13. Bg5 Nc4 14. Qc1 Rc8 15. Nd1 h6 16. Bxf6 Bxf6 17. c3 0-0 18. Ne3 Qb6 19. Ndc2 Ne5 20. Qd1 Rfd8 1/2-1/2